000 00523nam a2200181Ia 4500
001 3436
005 20260306145643.0
008 260306t2016||||xx |||||||||||||| ||spa||
041 _aESP
082 _a277.8
_bD231
100 _aDebenbach-Salazar Sáenz, Sabine
_eAUT
245 0 _aLa transmisión de conceptos cristianos a las lengua amerindias:
_bEstudios sobre textos y contextos de la época colonial
260 _c2016
300 _a307 páginas :
_c
650 _aGEN
654 _aCHU
942 _cLIB
_dJUS
_fJUS
_2ddc
_n
999 _c3436
_d3436